We Don't Trust You - Future & Metro Boomin (Full lyrics) - Statistics

General Stats
  • This quiz has been taken 6 times
  • The average score is 241 of 496
Answer Stats
Lyrics % Correct
a
100%
Go
83%
I
83%
in
83%
In
83%
in,
83%
nigga
83%
nigga,
83%
you
83%
you,
83%
You
83%
all
67%
don't
67%
no
67%
no,
67%
she
67%
the
67%
trust
67%
We
67%
we
67%
be
50%
dog,
50%
dog
50%
dog?
50%
Fake
50%
fake
50%
for
50%
from
50%
Hate
50%
ho,
50%
ho
50%
is
50%
it
50%
lo',
50%
me
50%
niggas,
50%
on
50%
over
50%
still
50%
Still
50%
to
50%
why
50%
written
50%
Ain't
33%
and
33%
another
33%
at
33%
backshots
33%
Benz
33%
bitch
33%
'bout
33%
but
33%
Can't
33%
'cause
33%
down
33%
fan,
33%
friend,
33%
get
33%
Get
33%
goin'
33%
gon'
33%
got
33%
he
33%
her
33%
hoes
33%
If
33%
I'm
33%
I'm—
33%
layin'
33%
lil'
33%
Money
33%
my
33%
need
33%
number-
33%
one
33%
out
33%
see
33%
strip
33%
there,
33%
there
33%
was
33%
your
33%
actin'
17%
anywhere,
17%
been
17%
before
17%
bets
17%
better
17%
Beverly
17%
bill,
17%
blessed
17%
blow
17%
Bubble-
17%
Came
17%
Cartier
17%
Chanel,
17%
chest
17%
chills
17%
clear,
17%
cocked,
17%
code
17%
cold,
17%
confess
17%
couldn't
17%
couple
17%
Death
17%
detail
17%
dishonor,
17%
dissin',
17%
Doe
17%
drivers
17%
Eastside,
17%
enough
17%
eye
17%
fed,
17%
feel
17%
feel,
17%
feelings,
17%
field,
17%
figure
17%
finesse
17%
Flash
17%
flesh
17%
F&N
17%
fold,
17%
gettin'
17%
give
17%
Give
17%
Glock
17%
gusto
17%
Hater
17%
higher
17%
Hills
17%
hold
17%
intel
17%
jet
17%
John
17%
karma,
17%
Keep
17%
less
17%
like
17%
Like
17%
make
17%
Metro
17%
mood,
17%
M's
17%
much
17%
mutt
17%
new
17%
Nine-
17%
nothin'
17%
parked
17%
peeped
17%
Phantom
17%
pill,
17%
Pillowtalkin',
17%
pills,
17%
placin'
17%
playin',
17%
Pluto,
17%
pockets
17%
pole
17%
Poppin'
17%
poppin'
17%
pretend,
17%
projects
17%
purchase
17%
Rappin'
17%
real
17%
refill
17%
ridin'
17%
sabotagin',
17%
sealed
17%
sharin',
17%
shells
17%
shoot
17%
shooters
17%
Shorty
17%
shotter,
17%
small
17%
Sneak
17%
so
17%
spill,
17%
Strikers
17%
stuck
17%
success
17%
tag
17%
Take
17%
Takin'
17%
takin'
17%
tappin'
17%
than
17%
Thoroughbred
17%
toe
17%
toes,
17%
too
17%
Took
17%
Top
17%
Trackhawks,
17%
trap
17%
trippin',
17%
turn
17%
Twenty
17%
understand,
17%
V12
17%
vacuum
17%
weed
17%
while
17%
Whip
17%
won't
17%
woodgrain
17%
yeah
17%
Young
17%
No matching quizzes found
Score Distribution
Percent of People with Each Score
Percentile by Number Answered
Your Score History
You have not taken this quiz